LEADER 00500naa a2200145 i 4500 001 000000301527 003 CaOOAMICUS 005 20180831172724.0 008 180831n xx u000 u und u 013 $a9256 040 $aSeMil$bita 100 1 $aRizzi, Armido,$d<1933-2020>.$0(OLS)http://semarc/name/4571 245 10$aCreazione e grazia. 773 0 $aRuggieri, Giuseppe <1940- >$tVolume 1.$dGenova : Marietti, copyr. 1987.$z88-211-7308-9$w()35471 996 $6245$aCreazione e grazia$9(OLS)http://semarc/title/377522 LEADER 01059nam a2200229 i 4500 001 000000007098 003 CaOOAMICUS 005 20190530134855.0 008 180830s1978 it u000 u ita u 040 $aSeMil$bita 100 1 $aPanimolle, Salvatore Alberto.$0(OLS)http://semarc/name/599 245 10$aLettura pastorale del Vangelo di Giovanni /$cSalvatore Alberto Panimolle. 260 $aBologna :$bEDB,$c1978-1984. 300 $a3 v. ;$c25 cm. 650 4$aBibbia. Nuovo Testamento. Vangelo secondo Giovanni - Commentari, studi, critica, interpretazioni.$0(OLS)http://semarc/subject/119 774 0 $t[1].$kLettura pastorale della Bibbia $g1$w()52378 774 0 $t2.$kLettura pastorale della Bibbia $g2$w()228665 774 0 $t3.$kLettura pastorale della Bibbia $g3$w()228666 830 0$aLettura pastorale della Bibbia .$0(OLS)http://semarc/title/557 996 $6245$aLettura pastorale del Vangelo di Giovanni$9(OLS)http://semarc/title/9516 996 $6260$aBologna :$bEDB$9(OLS)http://semarc/publisher/29669